<?xml version="1.0" encoding="UTF-8"?><?xml-stylesheet type="text/xsl" href="static/style.xsl"?><OAI-PMH xmlns="http://www.openarchives.org/OAI/2.0/" xmlns:xsi="http://www.w3.org/2001/XMLSchema-instance" xsi:schemaLocation="http://www.openarchives.org/OAI/2.0/ http://www.openarchives.org/OAI/2.0/OAI-PMH.xsd"><responseDate>2026-06-05T12:16:51Z</responseDate><request verb="GetRecord" identifier="oai:riuma.uma.es:10630/35163" metadataPrefix="marc">https://riuma.uma.es/rest/oai/request</request><GetRecord><record><header><identifier>oai:riuma.uma.es:10630/35163</identifier><datestamp>2026-02-03T11:12:54Z</datestamp><setSpec>com_10630_2254</setSpec><setSpec>col_10630_37953</setSpec></header><metadata><record xmlns="http://www.loc.gov/MARC21/slim" xmlns:dcterms="http://purl.org/dc/terms/" xmlns:doc="http://www.lyncode.com/xoai" xmlns:xsi="http://www.w3.org/2001/XMLSchema-instance" xsi:schemaLocation="http://www.loc.gov/MARC21/slim http://www.loc.gov/standards/marcxml/schema/MARC21slim.xsd">
   <leader>00925njm 22002777a 4500</leader>
   <datafield ind2=" " ind1=" " tag="042">
      <subfield code="a">dc</subfield>
   </datafield>
   <datafield ind2=" " ind1=" " tag="720">
      <subfield code="a">G.-Tóth, Boglárka</subfield>
      <subfield code="e">author</subfield>
   </datafield>
   <datafield ind2=" " ind1=" " tag="720">
      <subfield code="a">Hendrix, Eligius María Theodorus</subfield>
      <subfield code="e">author</subfield>
   </datafield>
   <datafield ind2=" " ind1=" " tag="720">
      <subfield code="a">Casado, Leocadio G.</subfield>
      <subfield code="e">author</subfield>
   </datafield>
   <datafield ind2=" " ind1=" " tag="720">
      <subfield code="a">Messine, Fréderic</subfield>
      <subfield code="e">author</subfield>
   </datafield>
   <datafield ind2=" " ind1=" " tag="260">
      <subfield code="c">2024-07-22</subfield>
   </datafield>
   <datafield ind2=" " ind1=" " tag="520">
      <subfield code="a">We consider a simplicial branch and bound Global Optimization algorithm, where the search region is a simplex. Apart from using longest edge bisection, a simplicial partition set can be reduced due to monotonicity of the objective function. If there is a direction in which the objective function is monotone over a simplex, depending on whether the facets that may contain the minimum are at the border of the search region, we can remove the simplex completely, or reduce it to some of its border facets. Our research question deals with finding monotone directions and labeling facets of a simplex as border after longest edge bisection and reduction due to monotonicity. Experimental results are shown over a set of global optimization problems where the feasible set is defined as a simplex, and a global minimum point is located at a face of the simplicial feasible area.</subfield>
   </datafield>
   <datafield ind1="8" ind2=" " tag="024">
      <subfield code="a">Tóth, B.G., Hendrix, E.M.T. , Casado, L.G and  Messine, F. (2024), On dealing with minima at the border of a simplicial feasible area in simplicial Branch and Bound , Journal of Optimization Theory and Applications, 203, 1880-1909</subfield>
   </datafield>
   <datafield ind1="8" ind2=" " tag="024">
      <subfield code="a">https://hdl.handle.net/10630/35163</subfield>
   </datafield>
   <datafield ind1="8" ind2=" " tag="024">
      <subfield code="a">10.1007/s10957-024-02480-9</subfield>
   </datafield>
   <datafield tag="653" ind2=" " ind1=" ">
      <subfield code="a">Programación matemática</subfield>
   </datafield>
   <datafield ind2="0" ind1="0" tag="245">
      <subfield code="a">On Dealing with Minima at the Border of a Simplicial Feasible Area in Simplicial Branch and Bound.</subfield>
   </datafield>
</record>
</metadata></record></GetRecord></OAI-PMH>